[Event "Olympiad Women-44"]
[Site "Chennai"]
[Date "2022.08.03"]
[Round "6.1"]
[White "Chung Hurtado, Yaleika"]
[Black "Haile, Lidet Abate"]
[Result "0-1"]
[WhiteElo "1696"]
[BlackElo "1624"]
[PlyCount "138"]
[EventDate "2022.07.29"]
[EventType "team-swiss"]
[EventRounds "11"]
[EventCountry "IND"]
[SourceTitle "CBM 210"]
[Source "ChessBase"]
[SourceDate "2022.10.31"]
[SourceVersion "1"]
[SourceVersionDate "2022.10.31"]
[SourceQuality "1"]
[WhiteTeam "Panama (W)"]
[BlackTeam "Ethiopia (W)"]
[WhiteTeamCountry "PAN"]
[BlackTeamCountry "ETH"]

1. d4 d5 2. Nf3 Nf6 3. c4 e6 4. g3 g6 5. Bg2 Bg7 6. 0-0 0-0 7. Qc2 Nbd7 8. b3 a6 9. Bb2 Re8 10. Nbd2 c6 11. Rfd1 Qe7 12. e4 Rb8 13. Re1 dxe4 14. Nxe4 Nxe4 15. Qxe4 Nf6 16. Qe2 Bd7 17. a4 Qd6 18. Ba3 Qc7 19. Bc1 Rbd8 20. Bf4 Qb6 21. Qc2 c5 22. a5 Qc6 23. Rad1 cxd4 24. Nxd4 Qc8 25. Bd6 h6 26. Qe2 Nh7 27. c5 Bxd4 28. Rxd4 Bc6 29. Rb4 Bxg2 30. Kxg2 Qc6+ 31. Qf3 Qxf3+ 32. Kxf3 Rd7 33. h4 Nf6 34. Rd4 Red8 35. Red1 Ne8 36. Ke4 f6 37. b4 Kf7 38. R4d2 e5 39. f4 exf4 40. Bxf4 Re7+ 41. Kf3 Rxd2 42. Rxd2 g5 43. hxg5 hxg5 44. Bb8 Ng7 45. Rd6 Nf5 46. Rb6 Nd4+ 47. Kg2 g4 48. Kf1 Kg6 49. Bf4 Kf5 50. Rd6 Nb5 51. Rb6 Nd4 52. Rd6 Ne6 53. c6 Nxf4 54. gxf4 bxc6 55. Rxc6 Re4 56. Rb6 Rxf4+ 57. Kg2 Rc4 58. Rxa6 Rxb4 59. Rc6 Ra4 60. a6 Ra5 61. Kg3 Kg5 62. Rb6 f5 63. Rc6 f4+ 64. Kg2 Ra2+ 65. Kg1 Kh4 66. Kf1 Kg3 67. Rc3+ f3 68. Rc1 Rxa6 69. Re1 Rh6 0-1

[Event "Olympiad Women-44"]
[Site "Chennai"]
[Date "2022.07.29"]
[Round "1.1"]
[White "Haile, Lidet Abate"]
[Black "Chirivi Castiblanco, Jenny Astrid"]
[Result "0-1"]
[WhiteElo "1624"]
[BlackElo "2157"]
[PlyCount "220"]
[EventDate "2022.07.29"]
[EventType "team-swiss"]
[EventRounds "11"]
[EventCountry "IND"]
[SourceTitle "CBM 210"]
[Source "ChessBase"]
[SourceDate "2022.10.31"]
[SourceVersion "1"]
[SourceVersionDate "2022.10.31"]
[SourceQuality "1"]
[WhiteTeam "Ethiopia (W)"]
[BlackTeam "Colombia (W)"]
[WhiteTeamCountry "ETH"]
[BlackTeamCountry "COL"]

1. e4 c5 2. Nf3 e6 3. c3 Nf6 4. e5 Nd5 5. Bc4 Nb6 6. Bb3 Nc6 7. 0-0 d6 8. exd6 Bxd6 9. d4 cxd4 10. Nxd4 0-0 11. Nxc6 bxc6 12. Qh5 Nd5 13. Bc2 g6 14. Qh6 Qc7 15. g3 e5 16. Nd2 f5 17. Bb3 Bc5 18. Nf3 Ba6 19. Rd1 Rad8 20. Bg5 Rd7 21. Re1 e4 22. Nh4 Rff7 23. Ng2 Bf8 24. Qh4 c5 25. Ba4 Rd6 26. Ne3 Qc8 27. Rad1 Bd3 28. Bf4 Nxe3 29. Bxe3 Ra6 30. b3 Bg7 31. Rc1 Rd6 32. Qf4 Rd8 33. h4 h6 34. Bd2 Qc7 35. Qxc7 Rxc7 36. b4 Bc4 37. Be3 Bf8 38. a3 Kh7 39. Red1 Rd3 40. Rxd3 Bxd3 41. Bc2 cxb4 42. Bxd3 exd3 43. axb4 Bg7 44. Bd2 Kg8 45. Kf1 Kf7 46. Ke1 Rc4 47. Kd1 Ke6 48. Be1 Kd5 49. Kd2 Ke4 50. f3+ Kxf3 51. Kxd3 Rc7 52. c4 Rd7+ 53. Kc2 Be5 54. Kb3 g5 55. hxg5 hxg5 56. c5 f4 57. gxf4 gxf4 58. c6 Rh7 59. Bc3 Bc7 60. Bd4 a6 61. Ra1 Ke4 62. Bc5 f3 63. Rxa6 Kd5 64. Kc3 Bg3 65. Ra8 Rf7 66. Ra2 f2 67. Bxf2 Rf3+ 68. Be3 Rxe3+ 69. Kd2 Bf4 70. Ra5+ Kxc6 71. Rf5 Re4+ 72. Kc3 Bc7 73. b5+ Kb6 74. Kd3 Rg4 75. Kc3 Bh2 76. Kd3 Bg1 77. Ke2 Bc5 78. Kf3 Ra4 79. Rf6+ Kxb5 80. Rf5 Kc4 81. Ke4 Ra6 82. Rf4 Bd4 83. Rf7 Re6+ 84. Kf5 Re5+ 85. Kf4 Kd3 86. Rb7 Re6 87. Rb3+ Bc3 88. Kf5 Rf6+ 89. Kg5 Rf8 90. Kg4 Kc4 91. Rb7 Bd4 92. Re7 Kd5 93. Re2 Rf1 94. Kg3 Be5+ 95. Kg4 Ke6 96. Ra2 Rf4+ 97. Kh3 Kf5 98. Ra8 Ke4 99. Ra4+ Bd4 100. Kg2 Rg4+ 101. Kh3 Rg7 102. Kh4 Rg8 103. Ra5 Kf4 104. Kh3 Bc3 105. Ra3 Rg3+ 106. Kh2 Rd3 107. Kg2 Rd2+ 108. Kh3 Be5 109. Ra4+ Kf5 110. Rb4 Rh2# 0-1

[Event "Addis Ababa zt 4.4 (Women)"]
[Site "Addis Ababa"]
[Date "2022.05.07"]
[Round "8"]
[White "Haile, Lidet Abate"]
[Black "Sara, Gadalla Karar"]
[Result "1-0"]
[WhiteElo "1611"]
[BlackElo "1422"]
[PlyCount "43"]
[EventDate "2022.05.02"]
[EventType "swiss"]
[EventRounds "9"]
[EventCountry "ETH"]
[SourceTitle "CBM 208 Extra"]
[Source "ChessBase"]
[SourceDate "2022.07.31"]
[SourceVersion "1"]
[SourceVersionDate "2022.07.31"]
[SourceQuality "1"]

1. e4 e5 2. Nf3 Nc6 3. Bc4 Nf6 4. d3 Bc5 5. Bg5 d6 6. c3 Be6 7. Bb3 Bxb3 8. Qxb3 Bb6 9. Nbd2 a6 10. Nc4 h6 11. Bxf6 gxf6 12. Nxb6 cxb6 13. Nh4 Qc7 14. Nf5 0-0-0 15. Ne3 Na5 16. Qc2 b5 17. Nd5 Qb8 18. Nxf6 h5 19. Nd5 Qa7 20. 0-0-0 Nc6 21. Rhf1 a5 22. a3 1-0

[Event "Addis Ababa zt 4.4 (Women)"]
[Site "Addis Ababa"]
[Date "2022.05.07"]
[Round "7"]
[White "Tekeste Weldegebriel, Israel"]
[Black "Haile, Lidet Abate"]
[Result "0-1"]
[WhiteElo "1443"]
[BlackElo "1611"]
[PlyCount "56"]
[EventDate "2022.05.02"]
[EventType "swiss"]
[EventRounds "9"]
[EventCountry "ETH"]
[SourceTitle "CBM 208 Extra"]
[Source "ChessBase"]
[SourceDate "2022.07.31"]
[SourceVersion "1"]
[SourceVersionDate "2022.07.31"]
[SourceQuality "1"]

1. e4 e5 2. Nf3 Nc6 3. c3 Nf6 4. d3 h6 5. h3 Bc5 6. Be2 0-0 7. 0-0 d6 8. Nbd2 Ne7 9. Re1 c6 10. Nb3 Bb6 11. Bf1 Ng6 12. Be3 Bc7 13. Nbd2 d5 14. exd5 cxd5 15. Qb3 b6 16. Rad1 Be6 17. Qc2 Rc8 18. a3 d4 19. Bxh6 gxh6 20. Ne4 Nxe4 21. dxe4 Qf6 22. Qd2 Nf4 23. cxd4 exd4 24. e5 Nxh3+ 25. Kh1 Qf4 26. Qxd4 Qxd4 27. Rxd4 Nxf2+ 28. Kg1 Ng4 0-1

[Event "Addis Ababa zt 4.4 (Women)"]
[Site "Addis Ababa"]
[Date "2022.05.04"]
[Round "5"]
[White "Bantiwalu, Aster Melake"]
[Black "Haile, Lidet Abate"]
[Result "1/2-1/2"]
[WhiteElo "1387"]
[BlackElo "1611"]
[PlyCount "23"]
[EventDate "2022.05.02"]
[EventType "swiss"]
[EventRounds "9"]
[EventCountry "ETH"]
[SourceTitle "CBM 208 Extra"]
[Source "ChessBase"]
[SourceDate "2022.07.31"]
[SourceVersion "1"]
[SourceVersionDate "2022.07.31"]
[SourceQuality "1"]

1. e4 e5 2. Nf3 Nc6 3. Bc4 Bc5 4. Nc3 Nf6 5. d3 h6 6. a3 0-0 7. 0-0 d6 8. h3 Be6 9. Ba2 Ne7 10. d4 Bxa2 11. dxc5 Bc4 12. Re1 1/2-1/2

[Event "Addis Ababa zt 4.4 (Women)"]
[Site "Addis Ababa"]
[Date "2022.05.03"]
[Round "2"]
[White "Haile, Lidet Abate"]
[Black "Melebo, Netsanet Lukas"]
[Result "1-0"]
[WhiteElo "1611"]
[BlackElo "1436"]
[PlyCount "77"]
[EventDate "2022.05.02"]
[EventType "swiss"]
[EventRounds "9"]
[EventCountry "ETH"]
[SourceTitle "CBM 208 Extra"]
[Source "ChessBase"]
[SourceDate "2022.07.31"]
[SourceVersion "1"]
[SourceVersionDate "2022.07.31"]
[SourceQuality "1"]

1. e4 c5 2. c3 Nc6 3. d4 cxd4 4. cxd4 e6 5. Nf3 Nf6 6. Bd3 Qb6 7. Bc2 Nb4 8. 0-0 Nxc2 9. Qxc2 Be7 10. Nc3 d6 11. Bg5 Qc7 12. Rac1 Bd7 13. Qd3 Bc6 14. d5 Bd7 15. dxe6 Bxe6 16. Nd5 Qd8 17. Nc7+ Kf8 18. Nxa8 Qxa8 19. Nd4 Bxa2 20. b3 h6 21. Bxf6 Bxf6 22. Nf5 Qd8 23. Rc2 Qa5 24. Qxd6+ Kg8 25. Rc8+ Kh7 26. Rxh8+ Kxh8 27. Qf8+ Kh7 28. Qxf7 Qb6 29. Qe8 Bxb3 30. e5 Bg5 31. Qd7 Qg6 32. Nxg7 Qxg7 33. Qd3+ Kh8 34. Qxb3 Qxe5 35. Qxb7 a5 36. g3 Bf6 37. Rc1 Bg7 38. Rc8+ Kh7 39. Qb1+ 1-0

[Event "Online Olym Div4 C"]
[Site "Chess.com INT"]
[Date "2020.07.31"]
[Round "3.3"]
[White "Haile, Lidet Abate"]
[Black "Al Ghafri, Wafia"]
[Result "1-0"]
[WhiteElo "1596"]
[BlackElo "1555"]
[PlyCount "47"]
[EventDate "2020.07.31"]
[EventType "team-tourn (rapid)"]
[EventRounds "9"]
[EventCountry "USA"]
[SourceTitle "CBM 198"]
[Source "ChessBase"]
[SourceDate "2020.10.31"]
[SourceVersion "1"]
[SourceVersionDate "2020.10.31"]
[SourceQuality "1"]
[WhiteTeam "Ethiopia"]
[BlackTeam "Oman"]
[WhiteTeamCountry "ETH"]
[BlackTeamCountry "OMN"]

1. e4 c6 2. d4 d5 3. exd5 cxd5 4. Nf3 Bg4 5. Be2 Nc6 6. 0-0 Nf6 7. c3 e6 8. Re1 Bd6 9. Nbd2 0-0 10. h3 Bh5 11. Nf1 Qc7 12. Bg5 Ne4 13. N1d2 Nxg5 14. Nxg5 Bxe2 15. Qxe2 h6 16. Ngf3 Ne7 17. Ne5 a6 18. Ndf3 Rad8 19. Qd2 Nc6 20. Ng4 Kh7 21. Qd3+ g6 22. Qe3 Bf4 23. Qe2 Rde8 24. Nf6+ 1-0

[Event "Africa-ch Blitz (Women)"]
[Site "Casablanca"]
[Date "2019.08.28"]
[Round "8.2"]
[White "Haile, Lidet Abate"]
[Black "Wafa, Shrook"]
[Result "0-1"]
[WhiteElo "1560"]
[BlackElo "2044"]
[PlyCount "100"]
[EventDate "2019.08.28"]
[EventType "swiss (blitz)"]
[EventRounds "9"]
[EventCountry "MAR"]
[SourceTitle "EXT 2024"]
[Source "ChessBase"]
[SourceDate "2023.10.10"]
[SourceVersion "1"]
[SourceVersionDate "2023.10.10"]
[SourceQuality "1"]

1. e4 c5 2. Nf3 Nc6 3. d4 cxd4 4. Nxd4 Nf6 5. Nc3 e5 6. Nf3 Bb4 7. Bd3 0-0 8. 0-0 Bxc3 9. bxc3 d5 10. Bg5 dxe4 11. Bxf6 Qxf6 12. Bxe4 Bg4 13. h3 Bh5 14. Qe2 Rac8 15. Qb5 Bxf3 16. Bxf3 b6 17. Rfe1 Rfe8 18. c4 Nd4 19. Qb3 Nxf3+ 20. gxf3 h6 21. Re4 Qe6 22. Rae1 Qxh3 23. Rxe5 Rxe5 24. Rxe5 Rd8 25. Re1 Qh4 26. a4 Qg5+ 27. Kf1 Rd2 28. Qe3 Qxe3 29. fxe3 Rxc2 30. a5 bxa5 31. Ra1 Rxc4 32. Rxa5 Rc7 33. Kf2 Kh7 34. f4 g6 35. Kf3 h5 36. Kg3 Re7 37. Ra3 Kh6 38. Kh4 f6 39. Kg3 g5 40. fxg5+ Kxg5 41. Ra5+ f5 42. Ra3 h4+ 43. Kh3 Re5 44. Rxa7 Rxe3+ 45. Kg2 Kg4 46. Rg7+ Kf4 47. Rh7 h3+ 48. Kg1 Ra3 49. Rh4+ Kg3 50. Rg4+ fxg4 0-1

[Event "Africa-chT rapid (Women)"]
[Site "Casablanca"]
[Date "2019.08.26"]
[Round "3.5"]
[White "Haile, Lidet Abate"]
[Black "Mwango, Lorita"]
[Result "0-1"]
[WhiteElo "1560"]
[BlackElo "1844"]
[PlyCount "75"]
[EventDate "2019.08.26"]
[EventType "swiss (rapid)"]
[EventRounds "9"]
[EventCountry "MAR"]
[SourceTitle "EXT 2020"]
[Source "ChessBase"]
[SourceDate "2019.10.17"]
[SourceVersion "1"]
[SourceVersionDate "2019.10.17"]
[SourceQuality "1"]

1. e4 c6 2. d4 d5 3. exd5 cxd5 4. Nc3 Nf6 5. Bg5 e6 6. Nf3 Be7 7. Be2 0-0 8. 0-0 Nc6 9. h3 Bd7 10. a3 Rc8 11. Re1 Qb6 12. Rb1 Rfd8 13. Be3 a6 14. Ne5 Na5 15. Nxd7 Rxd7 16. Bd3 Nc4 17. Qc1 Qc7 18. Ne2 Nxe3 19. Qxe3 Bd6 20. c3 Re7 21. Qg5 h6 22. Qe3 Nh5 23. Bc2 Nf4 24. Nxf4 Bxf4 25. Qd3 g6 26. Qf3 Bg5 27. g3 Kg7 28. h4 Bf6 29. Qd3 h5 30. Re3 Kg8 31. Rf3 Bg7 32. Qd2 Qd8 33. Qd3 Qe8 34. Re3 Qc6 35. Bb3 Rec7 36. Qd1 Qb6 37. Bc2 Bxd4 38. Rf3 0-1

[Event "Olympiad Women-43"]
[Site "Batumi"]
[Date "2018.09.25"]
[Round "2.50"]
[White "Tjong Tjin Joe, Kaithleen"]
[Black "Haile, Lidet Abate"]
[Result "1-0"]
[WhiteElo "1683"]
[BlackElo "1544"]
[PlyCount "67"]
[EventDate "2018.09.24"]
[EventType "team-swiss"]
[EventRounds "11"]
[EventCountry "GEO"]
[SourceTitle "EXT 2020"]
[Source "ChessBase"]
[SourceDate "2019.10.17"]
[SourceVersion "1"]
[SourceVersionDate "2019.10.17"]
[SourceQuality "1"]
[WhiteTeam "Surinam (W)"]
[BlackTeam "Ethiopia (W)"]
[WhiteTeamCountry "SUR"]
[BlackTeamCountry "ETH"]

1. e4 e5 2. Nf3 Nc6 3. Bc4 d6 4. d3 Be7 5. c3 Be6 6. Nbd2 Bxc4 7. Nxc4 h6 8. 0-0 Nf6 9. Ne3 0-0 10. Nf5 Nh7 11. Be3 Bf6 12. h3 Ne7 13. Ng3 Ng6 14. Nh2 Bg5 15. Nf3 Nf4 16. Ne2 Nxe2+ 17. Qxe2 Bxe3 18. Qxe3 b6 19. Rad1 f5 20. d4 exd4 21. Rxd4 f4 22. Qd2 Ng5 23. Qd3 Ne6 24. Rd5 Qe7 25. e5 Rad8 26. Re1 dxe5 27. Rexe5 Qf7 28. Rxe6 Rxd5 29. Qxd5 Kh7 30. Qe4+ Kg8 31. a3 Rd8 32. Re7 Qf8 33. Qe6+ Kh7 34. Ne5 1-0

[Event "Olympiad Women-43"]
[Site "Batumi"]
[Date "2018.09.24"]
[Round "1.48"]
[White "Nur Abidah, Shanti"]
[Black "Haile, Lidet Abate"]
[Result "1-0"]
[WhiteElo "2152"]
[BlackElo "1544"]
[PlyCount "93"]
[EventDate "2018.09.24"]
[EventType "team-swiss"]
[EventRounds "11"]
[EventCountry "GEO"]
[SourceTitle "EXT 2020"]
[Source "ChessBase"]
[SourceDate "2019.10.17"]
[SourceVersion "1"]
[SourceVersionDate "2019.10.17"]
[SourceQuality "1"]
[WhiteTeam "Indonesia (W)"]
[BlackTeam "Ethiopia (W)"]
[WhiteTeamCountry "INA"]
[BlackTeamCountry "ETH"]

1. e4 e5 2. Nf3 Nc6 3. Bc4 Be7 4. c3 Na5 5. Nxe5 Nxc4 6. Nxc4 d5 7. exd5 Qxd5 8. Ne3 Qd3 9. Qe2 Qxe2+ 10. Kxe2 b6 11. f3 Ba6+ 12. Kf2 0-0-0 13. d4 Bh4+ 14. g3 Bf6 15. a4 h5 16. h3 Ne7 17. a5 b5 18. Nd2 h4 19. g4 Bg5 20. Ne4 Bf4 21. Nf5 Nxf5 22. Bxf4 Nd6 23. Rhe1 Nxe4+ 24. Rxe4 Rhe8 25. Rae1 Rxe4 26. Rxe4 Kd7 27. Bg5 f6 28. Bd2 Re8 29. g5 Rxe4 30. fxe4 Bb7 31. gxf6 gxf6 32. Ke3 Ke7 33. Be1 Bc8 34. Bxh4 Kf7 35. Bg3 Bxh3 36. Bxc7 a6 37. d5 Bd7 38. Kd4 Ke7 39. Bg3 Ke8 40. b3 Ke7 41. c4 bxc4 42. bxc4 Ke8 43. c5 Ke7 44. c6 Bc8 45. Kc5 Kd8 46. Bh4 Ke7 47. e5 1-0